Columbus Blue Jackets Leaders - Statistics

General Stats
  • This quiz has been taken 56 times
    9 since last reset
  • The average score is 45 of 100
Answer Stats
Stat Number Answer % Correct
Most Games Played (Goalie) 374 Sergei Bobrovsky
100%
Most Wins 213 Sergei Bobrovsky
100%
Most Shutouts 33 Sergei Bobrovsky
100%
Best Career Save Percentage .921 Sergei Bobrovsky
100%
Best Career Goals Against Average 2.41 Sergei Bobrovsky
100%
Most Goals 212 Boone Jenner
75%
Most Assists 209 Boone Jenner
75%
Most Points 421 Boone Jenner
75%
Most Games Played 808 Boone Jenner
75%
Most Game Winning Goals 31 Boone Jenner
75%
Most Goals 213 Cam Atkinson
75%
Most Assists 189 Cam Atkinson
75%
Most Points 402 Cam Atkinson
75%
Most Games Played 627 Cam Atkinson
75%
Most Game Winning Goals 42 Cam Atkinson
75%
Most Games Played (Goalie) 274 Elvis Merzļikins
75%
Most Wins 108 Elvis Merzļikins
75%
Most Shutouts 12 Elvis Merzļikins
75%
Best Career Save Percentage .900 Elvis Merzļikins
75%
Best Career Goals Against Average 3.22 Elvis Merzļikins
75%
Most Games Played (Goalie) 76 Jet Greaves
75%
Most Wins 36 Jet Greaves
75%
Most Shutouts 4 Jet Greaves
75%
Best Career Save Percentage .913 Jet Greaves
75%
Best Career Goals Against Average 2.61 Jet Greaves
75%
Most Goals 289 Rick Nash
75%
Most Assists 258 Rick Nash
75%
Most Points 547 Rick Nash
75%
Most Games Played 674 Rick Nash
75%
Most Game Winning Goals 44 Rick Nash
75%
Most Goals 135 Zach Werenski
75%
Most Assists 330 Zach Werenski
75%
Most Points 465 Zach Werenski
75%
Most Games Played 642 Zach Werenski
75%
Most Game Winning Goals 19 Zach Werenski
75%
Most Games Played (Goalie) 210 Joonas Korpisalo
50%
Most Wins 87 Joonas Korpisalo
50%
Most Shutouts 3 Joonas Korpisalo
50%
Best Career Save Percentage .903 Joonas Korpisalo
50%
Best Career Goals Against Average 3.06 Joonas Korpisalo
50%
Most Games Played (Goalie) 97 Ron Tugnutt
50%
Most Wins 34 Ron Tugnutt
50%
Most Shutouts 6 Ron Tugnutt
50%
Best Career Save Percentage .910 Ron Tugnutt
50%
Best Career Goals Against Average 2.62 Ron Tugnutt
50%
Most Assists 173 Seth Jones
50%
Most Points 223 Seth Jones
50%
Most Games Played (Goalie) 232 Steve Mason
50%
Most Wins 96 Steve Mason
50%
Most Shutouts 19 Steve Mason
50%
Best Career Save Percentage .903 Steve Mason
50%
Best Career Goals Against Average 2.90 Steve Mason
50%
Most Game Winning Goals 13 Artemi Panarin
25%
Most Assists 153 Brandon Dubinsky
25%
Most Points 225 Brandon Dubinsky
25%
Most Games Played (Goalie) 85 Curtis McElhinney
25%
Most Wins 26 Curtis McElhinney
25%
Best Career Save Percentage .909 Curtis McElhinney
25%
Best Career Goals Against Average 2.86 Curtis McElhinney
25%
Most Games Played 597 David Savard
25%
Most Goals 113 David Výborný
25%
Most Assists 204 David Výborný
25%
Most Points 317 David Výborný
25%
Most Games Played 543 David Výborný
25%
Most Game Winning Goals 17 David Výborný
25%
Most Assists 156 Jakub Voráček
25%
Most Goals 102 Kirill Marchenko
25%
Most Games Played (Goalie) 266 Marc Denis
25%
Most Wins 84 Marc Denis
25%
Most Shutouts 12 Marc Denis
25%
Best Career Save Percentage .905 Marc Denis
25%
Best Career Goals Against Average 3.01 Marc Denis
25%
Most Goals 142 Nick Foligno
25%
Most Assists 192 Nick Foligno
25%
Most Points 334 Nick Foligno
25%
Most Games Played 599 Nick Foligno
25%
Most Game Winning Goals 21 Nick Foligno
25%
Most Games Played (Goalie) 125 Pascal Leclaire
25%
Most Wins 45 Pascal Leclaire
25%
Most Shutouts 10 Pascal Leclaire
25%
Best Career Save Percentage .907 Pascal Leclaire
25%
Best Career Goals Against Average 2.82 Pascal Leclaire
25%
Most Game Winning Goals 14 Pierre-Luc Dubois
25%
Most Goals 120 R.J. Umberger
25%
Most Points 250 R.J. Umberger
25%
Most Game Winning Goals 15 R.J. Umberger
25%
Most Games Played 515 Rostislav Klesla
25%
Most Assists 161 Alexander Wennberg
0%
Most Games Played 553 Fedor Tyutin
0%
Most Games Played (Goalie) 100 Fredrik Norrena
0%
Most Wins 35 Fredrik Norrena
0%
Most Shutouts 5 Fredrik Norrena
0%
Best Career Goals Against Average 2.79 Fredrik Norrena
0%
Most Goals 88 Geoff Sanderson
0%
Most Games Played 518 Jared Boll
0%
Most Game Winning Goals 13 Josh Anderson
0%
Most Shutouts 5 Mathieu Garon
0%
Best Career Save Percentage .902 Mathieu Garon
0%
Most Goals 111 Oliver Bjorkstrand
0%
Most Points 234 Oliver Bjorkstrand
0%
No matching quizzes found
Score Distribution
Percent of People with Each Score
Percentile by Number Answered
Your Score History
You have not taken this quiz since the last reset